Ciudad nocturna

Salvato in:
Dettagli Bibliografici
Autore principale: García, Luis Enrique
Natura: Libro
Lingua:Undetermined
Pubblicazione: México, Distrito Federal Unison 1988
Soggetti:
Tags: Aggiungi Tag
Nessun Tag, puoi essere il primo ad aggiungerne!!

MARC

LEADER 00000nam a2200000Ia 4500
008 170316s9999 xx 000 0 und d
040 |a cru BVZT 
090 |a 860 G-8c 
100 |a García, Luis Enrique 
245 |a Ciudad nocturna 
260 |a México, Distrito Federal 
260 |b Unison 
260 |c 1988 
300 |a 166 páginas 
650 |a LITERATURA LATINOAMERICANA 
999 |c 8802  |d 8802 
942 |c 15 D  |h 860 G-8c  |2 z